The common law in Singapore and Malaysia

Bibliographic Details
Other Authors: Harding, A. J.
Format: Book
Published: Singapore : Butterworths , 1985
Subjects:

MARC

LEADER 00000cam a2200000 7i4500
001 0000009212
005 20160923.0
020 |a 040999501 
040 |a INS 
090 0 0 |a KPG469.5   |b C66 1985 
245 0 4 |a The common law in Singapore and Malaysia   |c edited by A. J. Harding 
260 |a Singapore :   |b Butterworths ,   |c 1985 
300 |a 371p ;   |c 22cm. 
500 |a Include index 
650 0 0 |a Common law   |z Malaysia 
650 0 0 |a Common law   |z Singapore 
700 1 |a Harding, A. J. 
999 |a 0000023462   |b BOOK   |c Open Shelf   |e Default branch 
999 |a 0000023463   |b BOOK   |c Open Shelf   |e Default branch